000 00889nac a22002777a 4500
001 BR9603928
003 BR-BrBNA
005 20240105121757.0
008 230509b bl.|||m| |||| 00| 0 por d
040 _aBR-BrBNA
_bpor
_cBiblioteca Nacional de Agricultura
072 _aJ10; A50
090 _a9205 BR9603928
100 1 _aSilva, J. de S. e
110 1 _aAssociacao dos Engenheiros Agricolas de Minas Gerais, Vicosa (Brasil)
_9584
245 1 _aEstado da arte da secagem e armazenagem de graos no Brasil
260 3 _aVicosa, MG (Brasil):
_c1993.
300 _a17 p.
490 _aEngenharia na Agricultura. Serie Armazenamento (Brazil)
_vv. 3(6)
_x
500 _aSummaries (En, Pt); 31 ref.
650 _aGrao
650 _aArmazenamento
650 _aSecagem
650 _aTecnologia Agricola
909 _a202312
_bLúcia Elande
_c55
_dLúcia Elande
942 _2AGRIS
_n0
_cMS
999 _c287389
_d287389